| 000 | 00714nam a22002297a 4500 | ||
|---|---|---|---|
| 999 |
_c17464 _d17464 |
||
| 003 | AR-CdUCM | ||
| 008 | 190508b ||||| |||| 00| 0 spa d | ||
| 040 |
_aMUNICIPALIDAD PROVINCIAL DEL CUSCO _cBIBLIOTECA MUNICIPAL DEL CUSCO |
||
| 082 |
_22ed. _a869.333 / _bM65 |
||
| 100 |
_aMistral, Gabriela _913947 |
||
| 245 | _aPoesías completas / | ||
| 260 |
_aMadrid : _bAguilar, _c1962. |
||
| 300 |
_aXI, 836 páginas ; _c19 cm. |
||
| 440 |
_aBiblioteca Premios Nobel. _9447 |
||
| 505 | _aContenido: Poesías. | ||
| 650 |
_aPoesía chilena _95520 |
||
| 650 |
_aLiteratura chilena _92985 |
||
| 650 |
_aSiglo XX _98 |
||
| 700 |
_aBates, Margaret (edición) _937498 |
||
| 942 |
_2ddc _cLIBROS |
||
| 945 |
_aachl _d2019-05-08 |
||